01029nam a22001937a 4500003000900000008004100009040007100050082001500121245008900136260004900225300007300274505037000347650001600717650001300733650001100746650001600757650001700773710004500790AR-CdUCM190319b           ||||| |||| 00| 0 spa d  aMUNICIPALIDAD PROVINCIAL DEL CUSCOcBIBLIOTECA MUNICIPAL DEL CUSCO  a030 /bQ46  aEnciclopedia Autodidáctica Quillet :bGuía de Enseñanza Moderna y Práctica /  aBuenos Aires :bArístides Quillet ;c1958.  a567 páginas ;bFotografías, tablas, fórmulas, diagramas c28cm  aContenido: t.1: Para triunfar en la vida -- Gramática -- Snónimos -- Aritmética -- Álgebra -- Historia... t.2: Física -- Geología -- Botánica -- Geografía -- El átomo... t.3: Química -- Anatomía -- Trigonometría -- Astronomía -- Literatura -- Historia del arte... t.4: Filosofía -- Lógica -- Sociología -- Contabilidad -- Música...  aBotánica   aHistoria  aArtes   aAnatomía   aFilosofía   aEditorial Argentina Arístides Quillet 